| 000 | 00432cam a2200169ua 4500 | ||
|---|---|---|---|
| 020 | _cRs.6/- | ||
| 041 |
_amal _h |
||
| 082 |
_a932.4412 _bADI/KE |
||
| 100 | _aAdiyodi, . | ||
| 245 |
_aVishapambhukal / _cAdiyodi. K.G. _hTextual Documents |
||
| 260 |
_aCalicut : _bMathrubhumi Printing & Publishing Companty Ltd , _c1965. |
||
| 300 | _a270 ; . | ||
| 365 | _aRs.6/- | ||
| 504 | _a | ||
| 942 | _cBK | ||
| 999 |
_c12413 _d12413 |
||